| 000 | 00685nam a2200253Ia 4500 | ||
|---|---|---|---|
| 003 | OSt | ||
| 005 | 20220924114817.0 | ||
| 006 | a|||||r|||| 00| 0 | ||
| 007 | ta | ||
| 008 | 220923b |||||||| |||| 00| 0 ara d | ||
| 024 | _a256488 | ||
| 037 | _cTextual | ||
| 040 |
_aARTS _cARTS _bara |
||
| 041 |
_2ara _aara |
||
| 082 | _aO28,1:gN, K4 | ||
| 100 |
_aWakeel Mauzi Au. _9175514 |
||
| 245 | 0 | _aAl-sher beenul jamood wal tatoor | |
| 260 |
_aCairo _bLibrary of Anglo Egyptian _c1964 |
||
| 300 |
_a130p. _ccm. |
||
| 650 |
_a CRITICISM _931425 |
||
| 650 | _aARABIC POETRY | ||
| 942 |
_hO28,1:gN, K4 _cTEXL _2CC |
||
| 999 |
_c395416 _d395416 |
||